| 000 | 00378nam a2200145Ia 4500 | ||
|---|---|---|---|
| 008 | 230411s9999 xx 000 0 und d | ||
| 020 | _a978-81-8448-815-9 | ||
| 041 | _aeng | ||
| 082 | _aF/610.73069/RAJ/B06130 | ||
| 100 | _aRajinikanth AM | ||
| 245 | _aManual Handling for Nurses | ||
| 260 |
_bJaypee Brothers _aSt Louis _c2010 |
||
| 300 | _a98p | ||
| 999 |
_c156565 _d156565 |
||